000 00350 a2200145 4500
001 49723
020 _a
040 _cAnchieta - Bela Vista
240 1 0 _aDiário de um diário; o show do século
_lpor
245 1 0 _aDiário de um diário; o show do século
300 _a31
362 0 _a2008
650 4 _aLiteratura infanto-juvenil
942 _cBK
999 _c49723
_d49723